Post-Fordist people? Cultural meanings of new technoeconomic systems.

Aplikácia Langdon Winnerovej koncepcie technológií ako "foriem života" pre úlohu interpretácie kultúrneho významu vznikajúceho post-fordovského sociálneho poriadku so špeciálnym zameraním na typ osobností a spoločností, ktoré by post-fordovská spoločnosť mohla vyprodukovať.

Gespeichert in:
Bibliographische Detailangaben
1. Verfasser: Barns, I.
Format: Buchkapitel
Sprache:Englisch
Schlagworte:
Tags: Tag hinzufügen
Keine Tags, Fügen Sie das erste Tag hinzu!

MARC

LEADER 00000naa a2200000 4500
001 r006878
005 20221213084955.0
041 0 |a eng 
044 |a GB 
245 1 0 |a Post-Fordist people? Cultural meanings of new technoeconomic systems.  |c I. Barns 
520 |a Aplikácia Langdon Winnerovej koncepcie technológií ako "foriem života" pre úlohu interpretácie kultúrneho významu vznikajúceho post-fordovského sociálneho poriadku so špeciálnym zameraním na typ osobností a spoločností, ktoré by post-fordovská spoločnosť mohla vyprodukovať. 
610 2 0 |a technológia 
610 2 0 |a koncepcie 
610 2 0 |a systémy ekonomické 
610 2 0 |a kultúra 
610 2 0 |a spoločnosť 
610 2 0 |a osobnosť 
610 2 0 |a systémy sociálne 
100 1 |a Barns, I.